Central Library OPAC University of Rajshahi

Garibaldi and the making of Italy, June--November, 1860 / (Record no. 25099)

MARC details
000 -LEADER
fixed length control field 00954nam a2200277 a 4500
001 - CONTROL NUMBER
control field 25099
003 - CONTROL NUMBER IDENTIFIER
rucl marc code BD-RjUL
005 - DATE AND TIME OF LATEST TRANSACTION
control field 20211209050830.0
008 - FIXED-LENGTH DATA ELEMENTS--GENERAL INFORMATION
fixed length control field 140316r19821928enkaf b 001 0 eng
035 ## - SYSTEM CONTROL NUMBER
System control number (BD-RjUL)25168
040 ## - CATALOGING SOURCE
Original cataloging agency DLC
Transcribing agency DLC
Modifying agency DLC
-- BD-RjUL
Language of cataloging eng
041 ## - LANGUAGE CODE
Language code of text/sound track or separate title eng
082 00 - DEWEY DECIMAL CLASSIFICATION NUMBER
Classification number 945.080924
Edition number 19
Author mark and year TRG 1948
100 1# - MAIN ENTRY--PERSONAL NAME
Personal name Trevelyan, George Macaulay,
Dates associated with a name 1876-1962.
9 (RLIN) 55186
245 10 - TITLE STATEMENT
Title Garibaldi and the making of Italy, June--November, 1860 /
Statement of responsibility, etc. George Macaulay Trevelyan.
260 ## - PUBLICATION, DISTRIBUTION, ETC. (IMPRINT)
Place of publication, distribution, etc. London. :
Name of publisher, distributor, etc. Green and co.,
Date of publication, distribution, etc. 1948.
300 ## - PHYSICAL DESCRIPTION
Pagination xix, 390 p. :
Illustrations ill. ;
Size 23 cm.
504 ## - BIBLIOGRAPHY, ETC. NOTE
Bibliography, etc Bibliography: p. 351-374. and index.
600 10 - SUBJECT ADDED ENTRY--PERSONAL NAME
Personal name Garibaldi, Giuseppe,
Dates associated with a name 1807-1882.
650 #0 - SUBJECT ADDED ENTRY--TOPICAL TERM
Topical term or geographic name as entry element Expedition of the Thousand, Italy, 1860.
9 (RLIN) 77233
651 #0 - SUBJECT ADDED ENTRY--GEOGRAPHIC NAME
Geographic name Italy
General subdivision History
Chronological subdivision War of 1860-1861.
9 (RLIN) 76839
Geographic name Kingdom of the Two Sicilies
General subdivision History
Chronological subdivision 1848-1861.
9 (RLIN) 76840
942 ## - ADDED ENTRY ELEMENTS (KOHA)
Source of classification or shelving scheme Dewey Decimal Classification
Koha item type Books
Holdings
Lost status Source of classification or shelving scheme Damaged status Not for loan Collection code Permanent Location Current Location Shelving location Date acquired Source of acquisition Cost, normal purchase price Total Checkouts Full call number Date last seen Copy number Koha item type
  Dewey Decimal Classification     Non-fiction Central Library, University of Rajshahi Central Library, University of Rajshahi   15/09/1955 B. H. Blackwell 17.00   945.080924 TRG 1948 16/03/2014 C-2 Books